[Event "Titled Tuesday intern op 23rd Apr Late"]
[Site "Chess.com INT"]
[Date "2024.04.23"]
[Round "6"]
[White "Smirnov, Timofey"]
[Black "Dilmukhametov, Artur"]
[Result "0-1"]
[WhiteElo "2368"]
[BlackElo "2276"]
[PlyCount "38"]
[EventDate "2024.04.23"]
[EventType "swiss (blitz)"]
[EventRounds "11"]
[EventCountry "USA"]
[SourceTitle "CB18_2024"]
[SourceDate "2024.05.01"]
[SourceVersion "1"]
[SourceVersionDate "2024.05.01"]
[SourceQuality "2"]

1. d4 d5 2. Bf4 c5 3. c3 cxd4 4. cxd4 Nf6 5. Nc3 e6 6. e3 Bb4 7. Nf3 0-0 8. Bd3 Ne4 9. Qc2 Nc6 10. Bxe4 dxe4 11. Qxe4 f5 12. Qc2 Ne7 13. 0-0 Bxc3 14. bxc3 Nd5 15. Bg3 b6 16. c4 Nf6 17. c5 bxc5 18. Qxc5 Ne4 19. Be5 Nxc5 0-1

[Event "Titled Tuesday intern op 16th Apr Early"]
[Site "Chess.com INT"]
[Date "2024.04.16"]
[Round "6"]
[White "Castellanos Gomez, Alejandro"]
[Black "Smirnov, Timofey"]
[Result "1-0"]
[WhiteElo "2294"]
[BlackElo "2368"]
[PlyCount "29"]
[EventDate "2024.04.16"]
[EventType "swiss (blitz)"]
[EventRounds "11"]
[EventCountry "USA"]
[SourceTitle "CB17_2024"]
[SourceDate "2024.04.24"]
[SourceVersion "1"]
[SourceVersionDate "2024.04.24"]
[SourceQuality "1"]

1. d4 d5 2. Bf4 Bf5 3. e3 e6 4. Nf3 Nf6 5. Ne5 Be7 6. g4 Bg6 7. h4 h5 8. Nxg6 fxg6 9. g5 Ne4 10. Bd3 0-0 11. f3 Nd6 12. Bxg6 Nc4 13. b3 Nxe3 14. Bxe3 Rxf3 15. Qxf3 1-0

[Event "Titled Tuesday intern op 16th Apr Early"]
[Site "Chess.com INT"]
[Date "2024.04.16"]
[Round "7"]
[White "Mrudul, Dehankar"]
[Black "Smirnov, Timofey"]
[Result "1-0"]
[WhiteElo "1981"]
[BlackElo "2368"]
[PlyCount "35"]
[EventDate "2024.04.16"]
[EventType "swiss (blitz)"]
[EventRounds "11"]
[EventCountry "USA"]
[SourceTitle "CB17_2024"]
[SourceDate "2024.04.24"]
[SourceVersion "1"]
[SourceVersionDate "2024.04.24"]
[SourceQuality "1"]

1. e4 e5 2. Nf3 Nf6 3. Nxe5 d6 4. Nf3 Nxe4 5. Nc3 Nxc3 6. dxc3 Be7 7. Be3 Nc6 8. Qd2 Ne5 9. 0-0-0 Bg4 10. Be2 Nxf3 11. gxf3 Be6 12. Rhg1 g6 13. Bd4 Bf6 14. Qf4 Bf5 15. Bc4 0-0 16. Qxf5 Bxd4 17. Rxd4 Kh8 18. Qh3 1-0

[Event "Titled Tuesday intern op 02nd Apr Late"]
[Site "Chess.com INT"]
[Date "2024.04.02"]
[Round "2"]
[White "Figorito, Nick"]
[Black "Smirnov, Timofey"]
[Result "1-0"]
[WhiteElo "2036"]
[BlackElo "2368"]
[PlyCount "97"]
[EventDate "2024.04.02"]
[EventType "swiss (blitz)"]
[EventRounds "11"]
[EventCountry "USA"]
[SourceTitle "CB15_2024"]
[SourceDate "2024.04.10"]
[SourceVersion "1"]
[SourceVersionDate "2024.04.10"]
[SourceQuality "1"]

1. Nf3 d5 2. g3 Bf5 3. Bg2 e6 4. 0-0 Nf6 5. d4 Be7 6. c4 c6 7. b3 0-0 8. Nc3 h6 9. Bb2 Ne4 10. Nxe4 Bxe4 11. Qd2 Nd7 12. Rac1 Nf6 13. a3 a5 14. Rfd1 Rc8 15. c5 Nd7 16. Bc3 Bg5 17. Nxg5 Bxg2 18. Kxg2 hxg5 19. Bxa5 Qe7 20. Bc3 e5 21. dxe5 Nxe5 22. Qd4 f6 23. Re1 Nd7 24. b4 Rfe8 25. e3 Ne5 26. e4 Rcd8 27. exd5 Rxd5 28. Qe3 Qd7 29. Bxe5 Rexe5 30. Qb3 Kh8 31. Rxe5 Rxe5 32. Rd1 Qe7 33. Qf3 Re1 34. Qh5+ Kg8 35. Qg4 Rxd1 36. Qxd1 Qe4+ 37. Qf3 Qe1 38. Qb3+ Kh8 39. Qd3 Qe7 40. h3 Kg8 41. Kh2 Kh8 42. a4 Qe1 43. Qd4 Qe7 44. b5 cxb5 45. axb5 Qc7 46. Qe3 Qc8 47. Qc3 Qc7 48. c6 bxc6 49. Qxc6 1-0

[Event "Titled Tuesday intern op 13th Feb Late"]
[Site "Chess.com INT"]
[Date "2024.02.13"]
[Round "4"]
[White "Shapiro, Daniel E"]
[Black "Smirnov, Timofey"]
[Result "1-0"]
[WhiteElo "2284"]
[BlackElo "2368"]
[PlyCount "57"]
[EventDate "2024.02.13"]
[EventType "swiss (blitz)"]
[EventRounds "11"]
[EventCountry "USA"]
[SourceTitle "CB08_2024"]
[SourceDate "2024.02.21"]
[SourceVersion "1"]
[SourceVersionDate "2024.02.21"]
[SourceQuality "1"]

1. d4 d5 2. c4 c6 3. Nf3 Nf6 4. Qb3 Qb6 5. Nc3 e6 6. c5 Qc7 7. g3 Be7 8. Bf4 Qd8 9. Qc2 Nh5 10. Bg2 Nxf4 11. gxf4 g5 12. fxg5 Bxg5 13. e3 Qe7 14. 0-0-0 f5 15. Rhg1 Rg8 16. Bh1 Kf7 17. Rg3 Bf6 18. Rdg1 Rxg3 19. Rxg3 Nd7 20. h4 Bxh4 21. Rh3 Bf6 22. Rxh7+ Bg7 23. Ne5+ Nxe5 24. dxe5 Qg5 25. Bf3 Kg8 26. Rh1 Bxe5 27. Ne2 Bg7 28. Nf4 Qf6 29. Nh5 1-0

[Event "Titled Tuesday intern op 13th Feb Late"]
[Site "Chess.com INT"]
[Date "2024.02.13"]
[Round "1"]
[White "Smirnov, Timofey"]
[Black "Marczuk, Dominik"]
[Result "0-1"]
[WhiteElo "2368"]
[BlackElo "2283"]
[PlyCount "46"]
[EventDate "2024.02.13"]
[EventType "swiss (blitz)"]
[EventRounds "11"]
[EventCountry "USA"]
[SourceTitle "CB08_2024"]
[SourceDate "2024.02.21"]
[SourceVersion "1"]
[SourceVersionDate "2024.02.21"]
[SourceQuality "1"]

1. e4 c5 2. c3 Nf6 3. e5 Nd5 4. Nf3 Nc6 5. Bc4 Nb6 6. Bb3 d5 7. d4 cxd4 8. cxd4 Bg4 9. Be3 e6 10. 0-0 Na5 11. Ba4+ Nxa4 12. Qxa4+ Nc6 13. Nbd2 Be7 14. Rac1 0-0 15. h3 Bf5 16. a3 a5 17. Nb3 Bd3 18. Rfd1 b5 19. Rxd3 bxa4 20. Rxc6 axb3 21. Rdc3 Rb8 22. Bd2 Bxa3 23. bxa3 b2 0-1

[Event "Titled Tuesday intern op 06th Feb Late"]
[Site "Chess.com INT"]
[Date "2024.02.06"]
[Round "1"]
[White "Smirnov, Timofey"]
[Black "Koc, Przemyslaw"]
[Result "0-1"]
[WhiteElo "2368"]
[BlackElo "2346"]
[PlyCount "24"]
[EventDate "2024.02.06"]
[EventType "swiss (blitz)"]
[EventRounds "11"]
[EventCountry "USA"]
[SourceTitle "CB07_2024"]
[SourceDate "2024.02.14"]
[SourceVersion "1"]
[SourceVersionDate "2024.02.14"]
[SourceQuality "1"]

1. e4 c5 2. c3 Nf6 3. e5 Nd5 4. Nf3 Nc6 5. Bc4 e6 6. 0-0 Nb6 7. Bb3 d6 8. exd6 Bxd6 9. d4 0-0 10. d5 exd5 11. Bxd5 Nxd5 12. Qxd5 Bxh2+ 0-1

[Event "Titled Tuesday intern op 23rd Jan Late"]
[Site "Chess.com INT"]
[Date "2024.01.23"]
[Round "8"]
[White "Smirnov, Timofey"]
[Black "Curtis, John"]
[Result "0-1"]
[WhiteElo "2368"]
[BlackElo "2292"]
[PlyCount "66"]
[EventDate "2024.01.23"]
[EventType "swiss (blitz)"]
[EventRounds "11"]
[EventCountry "USA"]
[SourceTitle "CB05_2024"]
[SourceDate "2024.01.31"]
[SourceVersion "1"]
[SourceVersionDate "2024.01.31"]
[SourceQuality "1"]

1. e4 d5 2. exd5 Qxd5 3. Nf3 Bg4 4. Be2 Nc6 5. Nc3 Qa5 6. 0-0 0-0-0 7. h3 Bxf3 8. Bxf3 Nd4 9. d3 e5 10. Bd2 f5 11. b4 Bxb4 12. Rb1 c6 13. Ne4 Nxf3+ 14. gxf3 Bxd2 15. Nxd2 Nf6 16. Nc4 Qc7 17. Re1 Rhe8 18. Qd2 e4 19. fxe4 fxe4 20. Qb4 b6 21. a4 Nd5 22. Qb3 e3 23. Nxe3 Nxe3 24. Rxe3 Rxe3 25. fxe3 Qg3+ 26. Kf1 Rf8+ 27. Ke2 Qf3+ 28. Kd2 Qf2+ 29. Kc3 Qxe3 30. Qb4 Rf5 31. Qg4 g6 32. Rg1 Kb7 33. Qc4 Rc5 0-1

[Event "Titled Tuesday intern op 16th Jan Late"]
[Site "Chess.com INT"]
[Date "2024.01.16"]
[Round "8"]
[White "Dias, Joao Batista de Sou"]
[Black "Smirnov, Timofey"]
[Result "1-0"]
[WhiteElo "1746"]
[BlackElo "2368"]
[PlyCount "63"]
[EventDate "2024.01.16"]
[EventType "swiss (blitz)"]
[EventRounds "11"]
[EventCountry "USA"]
[SourceTitle "CB04_2024"]
[SourceDate "2023.10.16"]
[SourceVersion "1"]
[SourceVersionDate "2023.10.16"]
[SourceQuality "1"]

1. e4 e5 2. Nf3 Nf6 3. d4 Nxe4 4. dxe5 Bc5 5. Be3 Bxe3 6. fxe3 Nc6 7. Bd3 Ng5 8. 0-0 0-0 9. Nbd2 Qe7 10. Nxg5 Qxg5 11. Nf3 Qe7 12. Qd2 Nxe5 13. Nxe5 Qxe5 14. Rf5 Qe7 15. Rh5 g6 16. Rd5 d6 17. Re1 Be6 18. Rd4 c6 19. b3 Rad8 20. Rf4 Bc8 21. Qf2 Rde8 22. e4 Qe5 23. Rh4 a6 24. Rf1 Kg7 25. Qe3 h5 26. Qf2 Re6 27. Rf4 Re7 28. h3 d5 29. exd5 cxd5 30. Kh1 f5 31. Qb6 Qe6 32. Qd4+ 1-0

[Event "Titled Tuesday intern op 16th Jan Late"]
[Site "Chess.com INT"]
[Date "2024.01.16"]
[Round "10"]
[White "Mirza, Diana"]
[Black "Smirnov, Timofey"]
[Result "1-0"]
[WhiteElo "1900"]
[BlackElo "2368"]
[PlyCount "35"]
[EventDate "2024.01.16"]
[EventType "swiss (blitz)"]
[EventRounds "11"]
[EventCountry "USA"]
[SourceTitle "CB04_2024"]
[SourceDate "2023.10.16"]
[SourceVersion "1"]
[SourceVersionDate "2023.10.16"]
[SourceQuality "1"]

1. e4 e5 2. Nf3 Nf6 3. Nxe5 d6 4. Nf3 Nxe4 5. Nc3 Nxc3 6. dxc3 Be7 7. Bf4 Be6 8. Qd2 Nc6 9. 0-0-0 0-0 10. Bd3 h6 11. g4 g5 12. Be3 Ne5 13. Nxe5 dxe5 14. h4 Bxg4 15. Rdg1 Bf3 16. hxg5 Bxg5 17. Bxg5 hxg5 18. Rxg5+ 1-0

[Event "Titled Tuesday intern op 16th Jan Late"]
[Site "Chess.com INT"]
[Date "2024.01.16"]
[Round "5"]
[White "Negron Lizarazo, Juan Sebastian"]
[Black "Smirnov, Timofey"]
[Result "1-0"]
[WhiteElo "1727"]
[BlackElo "2368"]
[PlyCount "37"]
[EventDate "2024.01.16"]
[EventType "swiss (blitz)"]
[EventRounds "11"]
[EventCountry "USA"]
[SourceTitle "CB04_2024"]
[SourceDate "2023.10.16"]
[SourceVersion "1"]
[SourceVersionDate "2023.10.16"]
[SourceQuality "1"]

1. e4 e5 2. d4 exd4 3. Nf3 Nc6 4. c3 dxc3 5. Nxc3 Bb4 6. Bc4 Nge7 7. Qb3 Bxc3+ 8. bxc3 0-0 9. Ng5 Ne5 10. Be2 h6 11. Nf3 Nxf3+ 12. gxf3 d5 13. Rg1 Kh8 14. Bd2 dxe4 15. fxe4 b6 16. 0-0-0 Be6 17. Qb2 Qe8 18. c4 c5 19. Qxg7# 1-0

[Event "Titled Tuesday intern op 16th Jan Early"]
[Site "Chess.com INT"]
[Date "2024.01.16"]
[Round "7"]
[White "Smirnov, Timofey"]
[Black "Metrick, Andrew"]
[Result "0-1"]
[WhiteElo "2368"]
[BlackElo "2255"]
[PlyCount "98"]
[EventDate "2024.01.16"]
[EventType "swiss (blitz)"]
[EventRounds "11"]
[EventCountry "USA"]
[SourceTitle "CB04_2024"]
[SourceDate "2023.10.16"]
[SourceVersion "1"]
[SourceVersionDate "2023.10.16"]
[SourceQuality "1"]

1. e4 c5 2. c3 d6 3. d4 Nf6 4. dxc5 Nc6 5. cxd6 Nxe4 6. Be3 Nxd6 7. Nf3 g6 8. Be2 Bg7 9. 0-0 0-0 10. Nd4 Ne5 11. Nd2 Nf5 12. Nxf5 Bxf5 13. Nf3 Qa5 14. Nd4 Be4 15. Bf3 Nxf3+ 16. Nxf3 Rfd8 17. Qe2 Bd3 18. Qe1 Bxf1 19. Qxf1 Qd5 20. Nd4 e5 21. Nb3 b6 22. h3 Qd3 23. Qe1 Qc2 24. Rb1 Rd7 25. Qc1 Qxc1+ 26. Rxc1 Rad8 27. Kf1 Rd1+ 28. Rxd1 Rxd1+ 29. Ke2 Rd7 30. f4 exf4 31. Bxf4 Re7+ 32. Kf3 Be5 33. Bg5 f6 34. Be3 Kf7 35. Nd4 Bxd4 36. Bxd4 f5 37. a4 Re4 38. a5 bxa5 39. Bxa7 a4 40. Bc5 Ke6 41. g4 Kd5 42. gxf5 gxf5 43. Ba3 Kc4 44. Kg3 Kb3 45. Kf3 h5 46. Kg3 Re2 47. Kf4 Rxb2 48. c4 Kxa3 49. c5 Rc2 0-1

[Event "Titled Tuesday intern op 16th Jan Early"]
[Site "Chess.com INT"]
[Date "2024.01.16"]
[Round "8"]
[White "Smirnov, Timofey"]
[Black "Vujovic, Vera"]
[Result "0-1"]
[WhiteElo "2368"]
[BlackElo "2123"]
[PlyCount "58"]
[EventDate "2024.01.16"]
[EventType "swiss (blitz)"]
[EventRounds "11"]
[EventCountry "USA"]
[SourceTitle "CB04_2024"]
[SourceDate "2023.10.16"]
[SourceVersion "1"]
[SourceVersionDate "2023.10.16"]
[SourceQuality "1"]

1. e4 e5 2. Nf3 Nc6 3. Bc4 Bc5 4. b4 Bxb4 5. c3 Ba5 6. d4 exd4 7. 0-0 Nge7 8. cxd4 d6 9. Qa4 Bd7 10. Bb5 a6 11. Bxc6 Nxc6 12. d5 Nb4 13. Qxa5 Nc2 14. Bb2 Nxa1 15. Bxa1 0-0 16. Rc1 b6 17. Qc3 f6 18. Qxc7 Rc8 19. Qxc8 Bxc8 20. Bd4 Re8 21. Nbd2 Bg4 22. Rc6 b5 23. Bb6 Qb8 24. Bc7 Qb7 25. Bxd6 Rc8 26. Nd4 Rxc6 27. dxc6 Qb6 28. c7 Qxd4 29. c8Q+ Bxc8 0-1